[Event "Let's Play Chess!"]
[Site "http://www.queenalice.com/game.php?id=1629326"]
[Date "2020.10.8"]
[Round "-"]
[White "igorjava"]
[Black "Railton"]
[Result "1-0"]
[WhiteElo "1928"]
[BlackElo "1906"]

1. e4 e5 2. f4 exf4 3. Nf3 d6 4. d4 g5 5. h3 Bg7 6. Bc4 Be6 7. d5 Bd7 8. Bb3 h6
9. c4 c5 10. Bd2 Bxb2 11. Nc3 Bxa1 12. Qxa1 f6 13. Ne2 Qe7 14. Bc2 Qf8 15. Bc3
b5 16. Bd3 b4 17. Bb2 a5 18. O-O Rh7 19. e5 Re7 20. exf6 Re3 21. Bg6+ Kd8 22.
Kf2 Kc7 23. Re1 a4 24. Bc1 Qxf6 25. Qxf6 Rxe2+ 26. Rxe2 Nxf6 27. Bb2 g4 28. Bxf6
gxf3 29. Kxf3 Na6 30. Re7 Rf8 31. Bg7 Rg8 32. Bf5 Nb8 33. Bxh6 b3 34. axb3 axb3
35. Bxf4 Re8 36. Rxe8 Bxe8 37. Bc1 Nd7 38. Bxd7 Bxd7 39. g4 Kd8 40. h4 Ke8 41.
Kf4 Kf7 42. Kg5 Kg7 43. Bb2+ Kh7 44. h5 Bc8 45. Bc3 Bd7 46. h6 Be8 47. Kf6 Kxh6
48. Ke7 Bg6 49. Kxd6 Kg5 50. Kxc5 Kxg4 51. d6 Bf5 52. Kc6 Kf4 53. c5 Ke4 54. d7
1-0

[Event "Let's Play Chess!"]
[Site "http://www.queenalice.com/game.php?id=1629327"]
[Date "2020.10.8"]
[Round "-"]
[White "Railton"]
[Black "igorjava"]
[Result "1-0"]
[WhiteElo "1902"]
[BlackElo "1939"]

1. Nf3 d5 2. d4 e6 3. c3 c5 4. e3 c4 5. b4 a5 6. b5 a4 7. Na3 Bd7 8. Ne5 Nf6 9.
Qf3 Ra5 10. Rb1 Bd6 11. Nxd7 Nbxd7 12. Be2 O-O 13. Nc2 Ne8 14. a3 Qb6 15. O-O
Rxb5 16. Nb4 Bxb4 17. cxb4 Qc6 18. Bb2 Rb6 19. Bc3 Nc7 20. Qg3 Nf6 21. Bf3 Nb5
22. Bb2 Rc8 23. h3 Ne4 24. Bxe4 dxe4 25. d5 c3 26. dxc6 Rbxc6 27. Ba1 Nxa3 28.
Rbc1 c2 29. Qxg7# 1-0

[Event "Railton-2"]
[Site "http://www.queenalice.com/game.php?id=1630497"]
[Date "2020.10.21"]
[Round "3"]
[White "Railton"]
[Black "lobo"]
[Result "1/2-1/2"]
[WhiteElo "1860"]
[BlackElo "1900"]

1. Nf3 d6 2. b3 e5 3. e4 Qf6 4. c4 Ne7 5. Nc3 Be6 6. d3 Nbc6 7. Nd5 Bxd5 8. cxd5
Nd4 9. Nxd4 exd4 10. Bb2 c6 11. dxc6 Nxc6 12. a3 Be7 13. b4 b5 14. Be2 O-O 15.
Rc1 Rfc8 16. O-O Qe5 17. f4 Qf6 18. Rf3 a6 19. Qd2 Bf8 20. Rcf1 Rc7 21. e5 Qf5
22. exd6 Bxd6 23. h3 Re7 24. g4 Qd7 25. Kg2 Rae8 26. Re1 h6 27. Kf2 Bc7 28. Bc1
Re3 29. Qd1 R3e7 30. Bd2 Qd5 31. Qc1 Nd8 32. h4 f6 33. Rh3 Nf7 34. Bf3 Qd7 35.
Bc6 Qxg4 36. Rg3 Qxh4 37. Bxe8 Rxe1 38. Bxf7+ Kxf7 39. Qxe1 Bxf4 40. Bxf4 Qxf4+
41. Kg2 h5 42. Qe4 Qd2+ 43. Kh3 Qd1 44. Qb7+ Ke6 45. Qxa6+ Kf5 46. Qxb5+ Kf4 47.
Qb8+ Kf5 48. Qc8+ Kf4 49. Qc7+ Kf5 50. Qd7+ Ke5 1/2-1/2

[Event "Jogo 03"]
[Site "http://www.queenalice.com/game.php?id=1630619"]
[Date "2020.10.23"]
[Round "-"]
[White "Lintz"]
[Black "Railton"]
[Result "0-1"]
[WhiteElo "1831"]
[BlackElo "1888"]

1. e4 b6 2. d4 Ba6 3. Bxa6 Nxa6 4. Nc3 c6 5. Nf3 e6 6. Qe2 Nc7 7. Be3 Be7 8. a3
a5 9. O-O d6 10. d5 exd5 11. exd5 c5 12. Rfe1 Qd7 13. a4 h6 14. Qd3 Nf6 15. h3
g5 16. Nh2 O-O-O 17. Rad1 Kb7 18. f3 Rhe8 19. Bf2 Nh5 20. Qh7 Bf8 21. Qd3 Nf4
22. Qd2 f5 23. Re3 Rxe3 24. Bxe3 Ng6 25. b3 f4 26. Bf2 h5 27. Ne4 Be7 28. c4 Ne5
29. Qe2 Re8 30. Re1 Rg8 31. Rc1 Rg6 32. Kf1 g4 33. fxg4 hxg4 34. hxg4 Nxg4 35.
Nf3 Rh6 36. Ke1 Na6 37. Kd2 Nb4 38. Re1 Qf5 39. Kc1 Nxf2 40. Nxf2 Ka6 41. Qe4
Na2+ 42. Kd2 Qxe4 43. Rxe4 Bh4 44. Ng4 Rh5 45. Rxf4 Bg5 0-1

[Event "Jogo 04"]
[Site "http://www.queenalice.com/game.php?id=1630620"]
[Date "2020.10.23"]
[Round "-"]
[White "Railton"]
[Black "Lintz"]
[Result "1-0"]
[WhiteElo "1873"]
[BlackElo "1858"]

1. b3 e5 2. e4 Bc5 3. Bb2 Qf6 4. Nf3 Qb6 5. d4 Bxd4 6. Nxd4 exd4 7. Bxd4 Qe6 8.
Bxg7 Qxe4+ 9. Qe2 Qxe2+ 10. Bxe2 d6 11. Bxh8 Be6 12. O-O Nd7 13. Bd4 c5 14. Bb2
O-O-O 15. Na3 d5 16. h3 d4 17. Bg4 f5 18. Bf3 Ngf6 19. Rfe1 Nf8 20. Nb5 a6 21.
Na3 b5 22. Rad1 h5 23. c4 b4 24. Nb1 Kc7 25. Bc1 Re8 26. Bg5 N8h7 27. Bf4+ Kb6
28. Be5 h4 29. a4 a5 30. Nd2 Bf7 31. Bxf6 Nxf6 32. Rxe8 1-0

[Event "AUTO-ADV-4360"]
[Site "http://www.queenalice.com/game.php?id=1630765"]
[Date "2020.10.25"]
[Round "2"]
[White "ECCelestino"]
[Black "Railton"]
[Result "1/2-1/2"]
[WhiteElo "1890"]
[BlackElo "1874"]

1. e4 e5 2. d4 Nc6 3. d5 Nce7 4. c4 c5 5. Bg5 d6 6. Nc3 h6 7. Bxe7 Bxe7 8. Nf3
Nf6 9. h3 O-O 10. Be2 Nh5 11. O-O Nf4 12. b3 Bg5 13. Nxg5 Qxg5 14. Bg4 a6 15. f3
h5 16. Ne2 hxg4 17. fxg4 Nxe2+ 18. Qxe2 f6 19. Rf2 Kf7 20. Raf1 Bd7 21. a4 b6
22. Qf3 Ke7 23. Qe2 Rf7 24. Qf3 Rh8 25. Qg3 a5 26. Qd3 Qh6 27. Qg3 g5 28. Rf3
Rhf8 29. R1f2 Qh7 30. Re2 Qh6 31. Ref2 Qg6 32. Re3 1/2-1/2

[Event "AUTO-ADV-4360"]
[Site "http://www.queenalice.com/game.php?id=1630766"]
[Date "2020.10.25"]
[Round "2"]
[White "Railton"]
[Black "ECCelestino"]
[Result "0-1"]
[WhiteElo "1891"]
[BlackElo "1873"]

1. b3 d5 2. Bb2 Nf6 3. Nf3 e6 4. a3 c5 5. e3 Nc6 6. Be2 Be7 7. d3 O-O 8. h3 b5
9. c4 bxc4 10. dxc4 Ba6 11. Nbd2 Rb8 12. Ne5 Nxe5 13. Bxe5 Rb7 14. O-O Bd6 15.
Bxd6 Qxd6 16. Bf3 Rbb8 17. Re1 Rfe8 18. g4 Bb7 19. Bg2 a5 20. a4 Bc6 21. Rb1 Bd7
22. f4 Bc6 23. g5 Ne4 24. Nxe4 Qc7 25. Nxc5 Rbd8 26. Qc2 d4 27. Bxc6 Qxc6 28.
Ne4 d3 29. Nf6+ gxf6 30. Qd2 Qf3 31. gxf6 Qxh3 32. c5 Kh8 0-1

[Event "AUTO-ADV-4360"]
[Site "http://www.queenalice.com/game.php?id=1630769"]
[Date "2020.10.25"]
[Round "2"]
[White "Railton"]
[Black "Artking"]
[Result "0-1"]
[WhiteElo "1875"]
[BlackElo "1911"]

1. Nf3 Nf6 2. d4 c5 3. c4 g6 4. d5 d6 5. Nc3 Bg7 6. h3 e5 7. e4 a6 8. g4 Nbd7 9.
b3 h5 10. g5 Ng8 11. h4 Ne7 12. a4 O-O 13. Bd2 b6 14. Be3 f5 15. Qc2 Kh7 16. Bd3
Ra7 17. Rf1 fxe4 18. Bxe4 Nf5 19. Ne2 Qe8 20. Rb1 Nd4 21. Nfxd4 exd4 22. Bf4 Ne5
23. Rd1 Bh3 24. Rg1 Re7 25. Bxe5 Bxe5 26. Qd3 b5 27. Ng3 Bxg3 0-1

[Event "AUTO-ADV-4360"]
[Site "http://www.queenalice.com/game.php?id=1630770"]
[Date "2020.10.25"]
[Round "2"]
[White "Artking"]
[Black "Railton"]
[Result "1-0"]
[WhiteElo "1901"]
[BlackElo "1854"]

1. e4 e5 2. Nf3 Nc6 3. Bb5 Bd6 4. c3 a6 5. Ba4 b5 6. Bb3 Nf6 7. d3 Bb7 8. O-O a5
9. a3 a4 10. Bc2 h6 11. Nbd2 Be7 12. Qe2 Ba6 13. Rd1 d6 14. h3 g5 15. Nf1 Nh5
16. Nxe5 Nf4 17. Bxf4 dxe5 18. Bg3 h5 19. Ne3 h4 20. Bh2 Bd6 21. Nf5 Rh7 22. d4
f6 23. Nxd6+ cxd6 24. dxe5 fxe5 25. Bd3 Nb8 26. Bxb5+ Ke7 27. Bxa6 Nxa6 28. Bxe5
Rh6 29. Qg4 Rg6 30. Bd4 Qd7 31. Qh5 Rag8 32. Qh7+ Kd8 33. Bb6+ Kc8 34. Qxd7+
Kxd7 35. Rd4 Nc7 36. Rad1 Ra8 37. e5 d5 38. Bxc7 Kxc7 39. Rxd5 Rg7 40. e6 Re8
41. Rd7+ Rxd7 42. exd7 Rd8 43. Kf1 Rxd7 44. Rxd7+ Kxd7 45. Ke2 Kc6 46. c4 Kd6
47. Ke3 Ke5 48. Kd3 1-0

[Event "AUTO-OPEN-4195"]
[Site "http://www.queenalice.com/game.php?id=1635441"]
[Date "2020.12.5"]
[Round "2"]
[White "Railton"]
[Black "jandamian"]
[Result "0-1"]
[WhiteElo "1807"]
[BlackElo "2795"]

1. d4 Nf6 2. d5 c6 3. d6 exd6 4. Nf3 d5 5. a3 g6 6. Bg5 Bg7 7. c3 d6 8. e3 h6 9.
Bh4 Qb6 10. Bd3 Qxb2 11. Nbd2 Qxc3 12. Bc2 O-O 13. O-O Re8 14. Ra2 Ne4 15. Bb3
Nd7 16. Nb1 Qa5 17. Nbd2 Nc3 18. Qc2 Nc5 19. Raa1 Bf5 20. e4 N5xe4 21. Nxe4 Bxe4
0-1

[Event "AUTO-OPEN-4195"]
[Site "http://www.queenalice.com/game.php?id=1635442"]
[Date "2020.12.5"]
[Round "2"]
[White "jandamian"]
[Black "Railton"]
[Result "1-0"]
[WhiteElo "2790"]
[BlackElo "1823"]

1. e4 d5 2. exd5 Qxd5 3. Nc3 Qe5+ 4. Be2 Bg4 5. d4 Bxe2 6. Ngxe2 Qh5 7. Qd3 e6
8. d5 Bd6 9. dxe6 fxe6 10. Ne4 Nd7 11. Nxd6+ cxd6 12. Qxd6 Qa5+ 13. Bd2 Qb6 14.
Qxb6 Nxb6 15. O-O-O O-O-O 16. Rhe1 Nf6 17. Nf4 Ng4 18. Re2 e5 19. Ne6 Rd7 20. f3
Nf6 21. Rxe5 Nc4 22. Rc5+ Kb8 23. Bf4+ Ka8 24. Rxd7 Nxd7 25. Rxc4 Nb6 26. Nc7+
Kb8 27. Nd5+ 1-0

[Event "AUTO-OPEN-4195"]
[Site "http://www.queenalice.com/game.php?id=1635443"]
[Date "2020.12.5"]
[Round "2"]
[White "Railton"]
[Black "junipero"]
[Result "0-1"]
[WhiteElo "1919"]
[BlackElo "2004"]

1. d4 d5 2. Nf3 e6 3. a3 Nf6 4. Ne5 c5 5. e3 Nc6 6. Nxc6 bxc6 7. c3 cxd4 8. exd4
Be7 9. b4 O-O 10. Nd2 a5 11. b5 c5 12. a4 cxd4 13. cxd4 Bb4 14. Bd3 Bb7 15. O-O
h6 16. Nf3 Rc8 17. Ne5 Bc3 18. Be3 Bxa1 0-1

[Event "AUTO-OPEN-4195"]
[Site "http://www.queenalice.com/game.php?id=1635444"]
[Date "2020.12.5"]
[Round "2"]
[White "junipero"]
[Black "Railton"]
[Result "1-0"]
[WhiteElo "2061"]
[BlackElo "1862"]

1. d4 d5 2. c4 Nf6 3. Nc3 e6 4. e3 c6 5. a3 Ne4 6. Nxe4 dxe4 7. Ne2 f5 8. Nc3
Be7 9. c5 b5 10. b4 Nd7 11. Be2 Nf6 12. O-O O-O 13. Bb2 Nd5 14. h3 f4 15. exf4
Nxf4 16. Nxe4 Bb7 17. Bg4 Qd5 18. Bf3 Qd8 19. Bg4 Bc8 20. g3 Nd5 21. Qe2 a6 22.
Nc3 Rf6 23. Ne4 Rh6 24. Bc1 Rg6 25. Be3 Nf6 26. Nxf6+ Bxf6 27. Bh5 Qe8 28. Bxg6
Qxg6 29. Rad1 e5 30. dxe5 Be7 31. g4 Be6 32. f4 Bc4 33. Qd2 Bxf1 34. f5 Qf7 35.
e6 Qe8 36. Kxf1 Rd8 37. Qc2 Rxd1+ 38. Qxd1 Qd8 39. Qxd8+ Bxd8 40. g5 Kf8 41. Kf2
Ke7 42. Bd4 Kf8 43. h4 Be7 44. f6 g6 45. Kf3 Bd8 46. e7+ Bxe7 47. fxe7+ Kxe7 48.
Ke4 Ke6 49. Bf6 h6 50. Bd8 hxg5 51. hxg5 Kd7 52. Bf6 Ke6 53. Bb2 Ke7 54. Ke5 Kd7
55. Kf6 a5 56. Kxg6 a4 57. Kf7 Kd8 58. g6 Kc7 59. g7 Kd8 60. g8=Q+ Kc7 61. Be5+
1-0

[Event "Let's Play Chess!"]
[Site "http://www.queenalice.com/game.php?id=1637113"]
[Date "2020.12.20"]
[Round "-"]
[White "igorjava"]
[Black "Railton"]
[Result "1-0"]
[WhiteElo "1970"]
[BlackElo "1826"]

1. e4 e5 2. f4 exf4 3. Nf3 c6 4. d4 g5 5. h3 Bg7 6. Bc4 b5 7. Bb3 d6 8. O-O f6
9. c4 b4 10. Re1 a5 11. a4 Ne7 12. e5 fxe5 13. Nxg5 Bf5 14. dxe5 Qb6+ 15. Kh1
Bxe5 16. c5 Qxc5 17. Bf7+ Kd7 18. Bb3 Kc7 19. Nf7 Rg8 20. Nxe5 dxe5 21. Bxg8
Nxg8 22. b3 Nd7 23. Bb2 e4 24. Nd2 e3 25. Nc4 Rd8 26. Qf3 Bd3 27. Qxf4+ Kb7 28.
Bd4 Qf8 29. Nxa5+ Kc8 30. Bxe3 Qxf4 31. Bxf4 h6 32. Nxc6 Rf8 33. Bg3 Bc2 34.
Nxb4 Bxb3 35. a5 Kb7 36. Rec1 Be6 37. Rc7+ Ka8 38. Nc6 Bd5 39. Ra7# 1-0

[Event "Let's Play Chess!"]
[Site "http://www.queenalice.com/game.php?id=1637583"]
[Date "2020.12.25"]
[Round "-"]
[White "igorjava"]
[Black "Railton"]
[Result "1-0"]
[WhiteElo "1889"]
[BlackElo "1840"]

1. e4 e5 2. f4 d6 3. Nf3 exf4 4. d4 Qe7 5. Nc3 c6 6. Bxf4 Bg4 7. Be2 Nh6 8. O-O
Nd7 9. a3 f6 10. b4 g5 11. Be3 Nf7 12. Nd2 Bxe2 13. Nxe2 h5 14. c4 O-O-O 15. d5
Kb8 16. dxc6 bxc6 17. Qa4 c5 18. Rab1 Ka8 19. Qc6+ Kb8 20. bxc5+ Nb6 21. cxb6 a6
22. b7 1-0

[Event "Let's Play Chess!"]
[Site "http://www.queenalice.com/game.php?id=1637608"]
[Date "2020.12.25"]
[Round "-"]
[White "Railton"]
[Black "igorjava"]
[Result "0-1"]
[WhiteElo "1816"]
[BlackElo "1994"]

1. e4 c5 2. d4 cxd4 3. Qxd4 Nc6 4. Qd1 e5 5. Bc4 Nf6 6. Bd3 h6 7. Ne2 Bc5 8.
Nec3 a6 9. O-O O-O 10. Be3 Bxe3 11. fxe3 Qb6 12. Qc1 Ne7 13. Kh1 Ng4 14. Rf3 Qc5
15. h3 Nf6 16. a3 b5 17. b4 Qc6 18. g4 Bb7 19. Kh2 d5 20. exd5 Nexd5 21. Ne4 Qb6
22. Nc5 Ne7 23. e4 Nh7 24. Nd7 Qd4 25. Nxf8 Kxf8 26. Nd2 Ng5 27. Rf1 Nxe4 28.
Nxe4 Bxe4 29. Qd1 Bxd3 30. cxd3 Nd5 31. Qb3 f6 32. Qc2 Ne3 33. Qc5+ Qxc5 34.
bxc5 Nxf1+ 35. Rxf1 Rd8 36. Rd1 Rd5 37. c6 Rc5 38. d4 exd4 39. Rxd4 Rxc6 40. Rd3
Ke7 41. Kg3 Ke6 42. h4 Rc5 43. h5 a5 44. Re3+ Re5 45. Rxe5+ Kxe5 46. Kf3 b4 47.
axb4 axb4 48. Ke2 Kf4 49. Kd2 Kxg4 50. Kc2 Kxh5 51. Kb3 f5 52. Kxb4 f4 53. Kc3
Kg4 54. Kd2 Kg3 55. Ke1 Kg2 56. Ke2 f3+ 0-1

[Event "Challenge"]
[Site "http://www.queenalice.com/game.php?id=1642655"]
[Date "2021.2.5"]
[Round "-"]
[White "Railton"]
[Black "lobo"]
[Result "1-0"]
[WhiteElo "1805"]
[BlackElo "1855"]

1. e4 c6 2. d4 d5 3. e5 Be6 4. b4 Qb6 5. c3 Nd7 6. Bd3 h6 7. a4 a5 8. b5 c5 9.
Nf3 cxd4 10. cxd4 Qc7 11. Bd2 Bg4 12. Be3 e6 13. h3 Bb4+ 14. Nbd2 Bxf3 15. Qxf3
Ne7 16. O-O g5 17. Rac1 Qb8 18. Nb3 Nb6 19. Qf6 Rf8 20. Qxh6 Kd7 21. Nc5+ Bxc5
22. dxc5 Nxa4 23. c6+ bxc6 24. bxc6+ Nxc6 25. Qxg5 Rg8 26. Qh5 Nd8 27. Bg5 Ke8
28. Rb1 Nb2 29. Bh7 Rh8 30. Bf6 Rxh7 31. Qxh7 Kd7 32. Rfc1 a4 33. Bxd8 Kxd8 34.
Qxf7 a3 35. Qxe6 Qb7 36. Qg8+ Kd7 37. Qf7+ 1-0

[Event "Challenge"]
[Site "http://www.queenalice.com/game.php?id=1642656"]
[Date "2021.2.5"]
[Round "-"]
[White "lobo"]
[Black "Railton"]
[Result "0-1"]
[WhiteElo "1824"]
[BlackElo "1821"]

1. e4 e5 2. Nf3 Nc6 3. Bc4 h6 4. d4 Bd6 5. dxe5 Nxe5 6. Nxe5 Bxe5 7. Qd5 Qf6 8.
c3 Ne7 9. Qd2 c6 10. O-O b5 11. Bb3 O-O 12. Qe2 a5 13. Nd2 Ba6 14. Re1 Ng6 15.
Nf3 b4 16. c4 c5 17. Rb1 a4 18. Bc2 Nf4 19. Bxf4 Qxf4 20. g3 Qf6 21. Nxe5 Qxe5
22. b3 a3 23. Qg4 Rfd8 24. Re3 d6 25. Rd3 Bb7 26. Re1 Bc8 27. Qh4 Rf8 28. Red1
Ra6 29. Rd5 Qe6 30. Qf4 Rd8 31. e5 Bb7 32. Bf5 Qe8 33. Rxd6 Rdxd6 34. exd6 Qc6
35. Rd5 Qe8 36. d7 Qd8 37. Re5 Re6 38. Bxe6 fxe6 39. Rxe6 Qxd7 40. Rd6 Qe8 41.
Qd2 Kh7 42. Qd3+ Be4 43. Qe3 Qe5 44. Rd5 Qa1+ 0-1

[Event "Let's Play Chess!"]
[Site "http://www.queenalice.com/game.php?id=1643219"]
[Date "2021.2.10"]
[Round "-"]
[White "Railton"]
[Black "askasl159"]
[Result "1-0"]
[WhiteElo "1837"]
[BlackElo "1686"]

1. e4 e5 2. Nf3 Nc6 3. Bb5 Nge7 4. c3 a6 5. Bxc6 Nxc6 6. d3 Bc5 7. b4 Be7 8. a4
d6 9. Be3 h6 10. a5 d5 11. exd5 Qxd5 12. O-O O-O 13. c4 Qe6 14. b5 axb5 15. cxb5
Nd4 16. Bxd4 exd4 17. Nxd4 Qd5 18. Ra4 Bc5 19. Nc3 Qd6 20. Ne4 Qd7 21. Nxc5 Qd5
22. Ncb3 c5 23. bxc6 bxc6 24. Nf3 Ba6 25. Rd4 Qf5 26. Re1 Rad8 27. Re5 Qf6 28.
Rxd8 Rxd8 29. Nc5 Bb5 30. a6 Qd6 31. a7 Ra8 32. d4 f6 33. Qb3+ Kh8 34. Re6 Qd5
35. Qxd5 cxd5 36. Re7 Bc6 37. h3 Kg8 38. Rc7 Bb5 39. Nh4 Kh7 40. Nf5 Bc4 41.
Rxg7+ Kh8 42. Rd7 1-0

[Event "Let's Play Chess!"]
[Site "http://www.queenalice.com/game.php?id=1644737"]
[Date "2021.2.26"]
[Round "-"]
[White "Railton"]
[Black "igorjava"]
[Result "0-1"]
[WhiteElo "1847"]
[BlackElo "2051"]

1. e4 c5 2. Nf3 d6 3. c4 Nc6 4. a3 Nf6 5. d3 h6 6. Be2 Bg4 7. O-O e6 8. Bd2 a5
9. Nc3 Be7 10. h3 Bxf3 11. Bxf3 O-O 12. g4 Ne5 13. Be2 Nc6 14. Be3 e5 15. f4
exf4 16. Rxf4 Ne5 17. d4 Ng6 18. Rf2 Qc7 19. d5 Ne5 20. a4 b6 21. g5 hxg5 22.
Bxg5 Qd7 23. Bxf6 Bxf6 24. Bf1 Ng6 25. Ra3 Bd4 26. Qf3 Ne5 27. Qg3 Qe7 28. Nd1
Nxc4 29. Rf3 Bxf2+ 30. Nxf2 Nd2 31. Rf4 Qe5 32. b3 Nxf1 33. Kxf1 g6 34. Rf5 Qxg3
0-1

[Event "Let's Play Chess!"]
[Site "http://www.queenalice.com/game.php?id=1644879"]
[Date "2021.2.26"]
[Round "-"]
[White "igorjava"]
[Black "Railton"]
[Result "1/2-1/2"]
[WhiteElo "1946"]
[BlackElo "1845"]

1. e4 g6 2. f4 e6 3. e5 h6 4. Nf3 Bg7 5. d4 d5 6. c4 c6 7. c5 Ne7 8. Nc3 b5 9.
b4 a5 10. Qb3 a4 11. Qc2 Nf5 12. Be2 Nd7 13. a3 Nh4 14. O-O f5 15. g3 Nxf3+ 16.
Bxf3 h5 17. h4 Nf8 18. Be3 Bh6 19. Qf2 Ra7 20. Qh2 Rg7 21. Qe2 Rhg8 22. Rf2 Kd7
23. Nd1 Kc7 24. Rg2 Ba6 25. Nf2 Nd7 26. Nh3 Kb8 27. Kf2 Bc8 28. Qd2 Kb7 29. Rh1
Nb8 30. Rgg1 Bd7 31. Qe2 Qc7 32. Qd2 Be8 33. Qe2 Qd8 34. Ke1 Bf7 35. Kf2 Qe7 36.
Rh2 Na6 37. Qd3 Kc7 38. Rc1 Kd8 39. Qf1 Kc7 40. Rg2 Kd8 41. Kg1 Kc7 42. Be2 Kd8
43. Bxb5 cxb5 44. Qxb5 Qa7 45. Qxa4 Ke7 46. b5 Ra8 47. Qxa6 Qxa6 48. bxa6 Rxa6
49. Ra2 Be8 50. Nf2 Kf8 51. Rb1 Rga7 52. Bc1 Kf7 53. Rb4 Bf8 54. Nd3 Be7 55. Ra1
Bd8 56. Kf2 Bc7 57. Rab1 Bc6 58. Ke2 Ke7 59. R4b3 Kd7 60. Nb4 Bb5+ 61. Nd3 Bc6
62. Ke3 Ra4 63. Nb4 Bb5 64. Nd3 Bc6 65. Ra1 Rb7 66. Rxb7 Bxb7 67. Rb1 Bc6 68.
Rb4 Rxb4 69. axb4 Kc8 70. Nb2 Kb7 71. Kd3 Ka6 72. Kc3 Bb5 73. Kb3 Be2 74. Bd2
Kb5 75. Be1 Bf1 76. Bd2 Be2 77. Bc3 Bf1 78. Na4 Be2 79. Bd2 Bd1+ 80. Kc3 Bxa4
81. Bc1 Bd1 82. Bb2 Ba4 83. Ba3 Bd1 84. Bb2 Be2 85. Kb3 Bc4+ 86. Kc3 Ka4 87. Bc1
Ba2 88. Bb2 Bc4 89. Bc1 Bb5 90. Bb2 Bc4 91. Bc1 Kb5 92. Bb2 Bb8 93. Bc1 Ba7 94.
Bb2 Bb8 95. Bc1 Ka4 96. Bb2 Kb5 97. Bc1 Ka4 98. Bb2 Kb5 99. Ba3 Ka4 100. Bb2 Kb5
1/2-1/2

[Event "Jogo 01"]
[Site "http://www.queenalice.com/game.php?id=1646907"]
[Date "2021.3.17"]
[Round "-"]
[White "Lintz"]
[Black "Railton"]
[Result "1-0"]
[WhiteElo "1871"]
[BlackElo "1839"]

1. e4 c5 2. c3 e5 3. Nf3 Qc7 4. Bc4 Be7 5. O-O Bf6 6. d3 d6 7. h3 Nh6 8. Be3 Be6
9. Bxe6 fxe6 10. Qb3 Ke7 11. Bg5 Nd7 12. d4 c4 13. Qd1 Nf7 14. Qd2 Nxg5 15. Nxg5
g6 16. Nf3 h6 17. Qe3 exd4 18. cxd4 g5 19. Nc3 a6 20. a4 Qb6 21. Rab1 Qa7 22.
Rfd1 Rhc8 23. Nh2 h5 24. f3 Rg8 25. Kf2 Qb8 26. d5 e5 27. g4 h4 28. Kf1 b5 29.
axb5 axb5 30. Ra1 Rxa1 31. Rxa1 Nc5 32. Ke2 b4 33. Nd1 Qb7 34. Nf1 Ra8 35. Qc1
Rxa1 36. Qxa1 Nb3 37. Qb1 Qb5 38. Kf2 Kf7 39. Kg2 Nd4 40. Nde3 Ne2 41. Nf5 Nf4+
42. Kh2 c3 43. Nxd6+ 1-0

[Event "Jogo 02"]
[Site "http://www.queenalice.com/game.php?id=1646908"]
[Date "2021.3.17"]
[Round "-"]
[White "Railton"]
[Black "Lintz"]
[Result "1-0"]
[WhiteElo "1824"]
[BlackElo "1948"]

1. e4 e5 2. Nf3 Qe7 3. d3 g6 4. Nc3 c6 5. a3 Bg7 6. Be2 Nf6 7. Bg5 d6 8. Qd2 h6
9. Bh4 g5 10. Bg3 Be6 11. h3 Nbd7 12. b4 b5 13. a4 bxa4 14. Rxa4 O-O 15. Bh2 Nh7
16. g4 a6 17. Bg3 Ndf6 18. O-O Qb7 19. Rfa1 Bc8 20. Nh2 Nd7 21. f3 Nb8 22. h4 f6
23. h5 Re8 24. Nd1 Nf8 25. c4 Qc7 26. Qa2 Kh8 27. Ne3 Be6 28. Nf5 Bxf5 29. gxf5
Nfd7 30. Ng4 Kh7 31. Qc2 Qb7 32. Be1 Nf8 33. Kg2 Nfd7 34. Bf2 Rc8 35. c5 d5 36.
Kh3 d4 37. Rb1 Nf8 38. Qb3 Rc7 39. Bg3 Re7 40. Bd1 Qa7 41. Qc4 Re8 42. Bb3 Nfd7
43. Qf7 Rf8 44. Qg6+ Kh8 45. Nxh6 Nxc5 46. Nf7+ Rxf7 47. Bxf7 1-0